| 000 | 00968nam a2200241 i 4500 | ||
|---|---|---|---|
| 001 | bg | ||
| 245 | 0 | 0 |
_aZwierzęta a drogi : _bmetody ograniczania negatywnego wpływu dróg na populacje dzikich zwierząt / _cWłodzimierz Jędrzejewski [et al.]. |
| 260 |
_aBiałowieża : _bZakład Badania Ssaków Polskiej Akademii Nauk, _c2004. |
||
| 300 |
_a84 s., [1] k. tabl. złoż. luz. : _bfot. kolor., mapy, rys., tab., wykr. ; _c25 cm. |
||
| 504 | _aBibliogr. s. 78-83. | ||
| 650 | 9 |
_aDrogi _xplanowanie przestrzenne |
|
| 650 | 9 |
_aZwierzęta _xochrona _xmetody |
|
| 700 | 1 |
_aJĘDRZEJEWSKI, Włodzimierz _d(1961- ) |
|
| 015 | _aPB 23267/2004 | ||
| 020 | _a8390752131 | ||
| 040 | _cBPK | ||
| 041 | 0 | _apol | |
| 080 | _a502.74:625.7/.8:711.7 | ||
| 920 | _a83-907521-3-1 | ||
| 942 | _cKS | ||
| 008 | s pl f |000 0 pol | ||
| 999 |
_c46792 _d46792 |
||
| 856 |
_uhttp://koha.tu.koszalin.pl/cgi-bin/koha/opac-detail.pl?biblionumber=46792 _yKatalog online BPK |
||